<The> European Banking Union: Costs and Benefits
Zhodnotenie nákladov a benefitov vyplývajúcich z Európskej bankovej únie. Analýza účinnosti mechanizmov riešiť krízové situácie. Zhrnutie negatívnych a pozitívnych účinkov na hospodárstvo krajín, ktoré sú súčasťou danej únie.
Enregistré dans:
| Auteur principal: | |
|---|---|
| Autres auteurs: | |
| Format: | Chapitre de livre |
| Langue: | anglais |
| Sujets: | |
| Tags: |
Pas de tags, Soyez le premier à ajouter un tag!
|
MARC
| LEADER | 00000naa$a2200000$$$4500 | ||
|---|---|---|---|
| 001 | 0270940 | ||
| 005 | 20240502083817.6 | ||
| 041 | 0 | |a eng | |
| 044 | |a PL | ||
| 245 | 1 | 0 | |a <The> European Banking Union: Costs and Benefits |c Marcel Novák, Dáša Klenková |
| 520 | |a Zhodnotenie nákladov a benefitov vyplývajúcich z Európskej bankovej únie. Analýza účinnosti mechanizmov riešiť krízové situácie. Zhrnutie negatívnych a pozitívnych účinkov na hospodárstvo krajín, ktoré sú súčasťou danej únie. | ||
| 610 | 2 | 0 | |a banky |
| 610 | 2 | 0 | |a únie bankové |
| 610 | 2 | 0 | |a náklady |
| 610 | 2 | 0 | |a poplatky |
| 610 | 2 | 0 | |a Európska únia |
| 100 | 1 | |a Novák, Marcel, 1979- | |
| 700 | 1 | |a Klenková, Dáša | |